Statistiche per Paesi più vicini ad Andorra

Clicka qui per fare il quiz!

Statistiche generali

  • Questo quiz è stato fatto 66 volte
  • Il punteggio medio è 19 su 20

Statistiche sulle risposte

kmpaese% Corretto
821Belgio
100%
0Francia
100%
485Italia
100%
0Spagna
100%
718Germania
98%
956Paesi Bassi
98%
793Austria
96%
880Città del Vaticano
96%
637Portogallo
96%
873San Marino
96%
515Svizzera
96%
784Liechtenstein
95%
474Monaco
95%
832Lussemburgo
93%
867Marocco
93%
904Regno Unito
89%
637Algeria
86%
996Slovenia
86%
856Tunisia
86%
988Croazia
70%

Distribuzione punteggi

Percentile per numero di risposta

Percentuale di utenti per punteggio

I tuoi punteggi nel tempo

Non hai fatto questo quiz